000 00940nam a22002657a 4500
003 OSt
005 20260109135255.0
008 250226b |||||||| |||| 00| 0 eng d
020 _a9780123042200 (hardcover)
040 _aNUST
_beng
_cNUST
_dNUST
_erda
050 _aQR175 PRI
245 _aPrinciples of bacterial pathogenesis /
_cedited by Eduardo A Groisman.
260 _aSan Diego, Calif :
_bAcademic Press,
_c2001.
300 _axvi, 826 pages :
_bIllustrations ;
_c24 cm.
336 _2rdamedia
_atext
_btxt
337 _2rdamedia
_aunmediated
_bn
338 _2rdamedia
_avolume
_bnc
504 _aIncludes bibliographical references and index.
650 _vVirulence (Microbiology).
650 _vPathogenic bacteria.
650 _vBacterial infections -- microbiology.
650 _vBacteria -- pathogenicity.
700 _aGroisman, Eduardo Abraham
_eEditor
942 _2lcc
_cBOOKS
_hQR175 PRI
_kQR
_mPRI
_n0
_01
999 _c171346
_d171346